Child psychology : a contemporary viewpoint
Αποθηκεύτηκε σε:
| Κύριος συγγραφέας: | |
|---|---|
| Άλλοι συγγραφείς: | |
| Μορφή: | Βιβλίο |
| Γλώσσα: | English |
| Δημοσίευση: |
Boston :
McGraw-Hill,
1999
|
| Έκδοση: | 5th ed. |
| Θέματα: | |
| Ετικέτες: |
Προσθήκη ετικέτας
Δεν υπάρχουν, Καταχωρήστε ετικέτα πρώτοι!
|
MARC
| LEADER | 00000nam a2200000 i 4500 | ||
|---|---|---|---|
| 001 | 1/1755 | ||
| 008 | 000202s1999 eng d | ||
| 020 | |a 0-07-115728-X | ||
| 035 | |l 10060143 | ||
| 040 | |a GR-MY-UA |b gre |e aacr | ||
| 041 | 0 | |a eng | |
| 082 | 0 | |a 155.4 | |
| 100 | 1 | |a Hetherington, E. Mavis (Eileen Mavis) |d 1926- | |
| 245 | 1 | 0 | |a Child psychology : |b a contemporary viewpoint / |c E. Mavis Hetherington, Ross D. Parke |
| 250 | |a 5th ed. | ||
| 260 | |a Boston : |b McGraw-Hill, |c 1999 | ||
| 300 | |a 663 p. | ||
| 650 | 0 | 0 | |a Child psychology. |
| 700 | 1 | |a Parke, Ross D. | |
| 852 | |a INST |b RHODES |e 20000202 |h 155.4 HET |p 005400012202 |q 005400012202 |t BK |y 0 | ||
| 901 | |a BIBL4-2000-1 | ||
| 909 | |a Ρ |b 068565 | ||
| 922 | |a 4ΕΛΗ |b 199909 |c ΚΠΣ/154 |d GLORY BOOKS | ||
| 950 | |a 030/1995-10-09 | ||
| 970 | |a ΚΟΥΛΑΚΙΟΤΗ |b ΛΙΤΣΑ |z 2000/02/02 | ||